02455nab a2200397uuc4500001000800000005001700008008004100025035001200066040001300078041001300091100004400104245002500148505102300173650001401196650002901210650001801239650002701257650001801284650003601302650002301338650003101361650002401392700004501416700004801461700003701509700004801546700004801594700004101642700003601683700004901719700004701768700004401815700004501859700004501904773010801949135353020240202113112.0131206e20130405 mul  a1353530 ccomduadb aENGamul10aTristancho Reyes, José Luis4auteaut10aMecánica (dossier) aCONTENIDO: Evaluación de la corrosión de un cobre comercialmente puro en mezclas de bioetanol- gasolina, mediante gravimetría y electroquímica / José Luis Tristancho Reyes (pp. 79-85). -- Revisión y análisis de diseño mecatrónico para diseño curricular transdisciplinario de programas de ingeniería multidisciplinares / Jaime Humberto Carvajal Rojas (pp. 86-94). -- The combustion engine as a mechatronic object in mechanical technology undergraduate curriculum / Carlos Alberto Romero Piedrahita; Ricardo Acosta Acosta; Yamid Alberto Carranza Sánchez (pp. 95-100). -- Estrategia de Coordinación y Comunicación para Sistemas Robóticos Colaborativos / Ricardo Castillo Estepa; João Mauricio Rosário; Germán Vargas Torres (pp. 101-107). -- Simulación dinámica de una transmisión de variación continúa / María Bárbara Calva Yáñez; Edgar Alfredo Portilla Flores; Paola Andrea Niño Suárez; Gabriel Sepúlveda Cervantes; Juan Carlos González Robles (pp. 108-113). aBioetanol aVelocidad de corrosión aGravimetría aDiseño mecatrónico aMecatrónica aMotores de combustión interna aRobótica móvil aMecanismo de cuatro barras aModelos dinámicos10aCarvajal Rojas, Jaime Humberto4auteaut10aRomero Piedrahita, Carlos Alberto4auteaut10aAcosta Acosta, Ricardo4auteaut10aCarranza Sánchez, Yamid Alberto4auteaut10aCastillo Estepa, Ricardo Andrés4auteaut10aRosário, Joao Maurício4auteaut10aVargas Torres, German4auteaut10aCalva Yáñez, María Bárbara4auteaut10aPortilla Flores, Édgar Alfredo4auteaut10aNiño Suárez, Paola Andrea4auteaut10aSepúlveda Cervantes, Gabriel4auteaut10aGonzález Robles, Juan Carlos4auteaut0 tScientia Et Technica (Pereira)gVol. 18, No. 01, Abr. 2013. CD-ROM, p. 79-113w205375x0122-1701084632